Leftism in India,1917-1947 (Record no. 11957)

MARC details
000 -LEADER
fixed length control field 00347nam a22001337a 4500
008 - FIXED-LENGTH DATA ELEMENTS--GENERAL INFORMATION
fixed length control field 220125b ||||| |||| 00| 0 eng d
020 ## - INTERNATIONAL STANDARD BOOK NUMBER
International Standard Book Number 9789386446183
082 ## - DEWEY DECIMAL CLASSIFICATION NUMBER
Classification number 320.532
Item number 1
100 ## - MAIN ENTRY--PERSONAL NAME
Personal name Chowdhuri Rai Satya
9 (RLIN) 7530
245 ## - TITLE STATEMENT
Title Leftism in India,1917-1947
260 ## - PUBLICATION, DISTRIBUTION, ETC. (IMPRINT)
Place of publication, distribution, etc. New Delhi
Name of publisher, distributor, etc. SAGE Publications
Date of publication, distribution, etc. 2007
300 ## - PHYSICAL DESCRIPTION
Extent 190.P
942 ## - ADDED ENTRY ELEMENTS (KOHA)
Source of classification or shelving scheme Dewey Decimal Classification
Koha item type BOOK

No items available.

Powered by Koha